Top 5 Songs On Rock and Roll Nightclub (Mac DeMarco) - Statistics

General Stats
  • This quiz has been taken 12 times
  • The average score is 4 of 5
Answer Stats
Hint Answer % Correct
5,755,577 Rock and Roll Nightclub
100%
13,573,640 Baby's Wearing Blue Jeans
82%
15,481,660 Only You
82%
14,413,383 She's Really All I Need
82%
8,199,277 I'm A Man
73%
No matching quizzes found
Score Distribution
Percent of People with Each Score
Percentile by Number Answered
Your Score History
You have not taken this quiz